| 000 | 00839nam a22001937a 4500 | ||
|---|---|---|---|
| 005 | 20250107114016.0 | ||
| 010 | _aB-761581 | ||
| 020 |
_c400.00 _a9789380623399 |
||
| 035 | _aB-761581 | ||
| 037 | _bउपहार | ||
| 082 | _aक | ||
| 100 |
_aवालिया,निर्मल _975962 |
||
| 245 |
_aरिसते जख्म/ _cनिर्मल वालिया |
||
| 260 |
_aदिल्ली _bएस एन पब्लिकेशन _c2023 |
||
| 270 |
_a7/12 ए -75 श्रीराम कालोनी निलोठी एक्सटेंशन नागलोई _bदिल्ली _e110041 |
||
| 300 |
_a108 पृ. _c23 सेमी (सजिल्द) |
||
| 942 |
_2ddc _cHN _mवालिया _hक |
||
| 999 |
_c208113 _d208113 |
||